Electric motor drives / (Record no. 168665)

MARC details
000 -LEADER
fixed length control field 00647nam a22002057a 4500
005 - DATE AND TIME OF LATEST TRANSACTION
control field 20191018152624.0
010 ## - LCCN (DPL NO)
LC control number ENG-126706
020 ## - INTERNATIONAL STANDARD BOOK NUMBER
International Standard Book Number 9789389342666
Terms of availability 649.00
035 ## - SYSTEM CONTROL NUMBER
System control number EN-110238
037 ## - SOURCE OF ACQUISITION
Source of stock number/acquisition DBAD/PUB
082 ## - DEWEY DECIMAL CLASSIFICATION NUMBER
Classification number 621.46
100 ## - MAIN ENTRY--PERSONAL NAME
Personal name Rajni, V.
245 ## - TITLE STATEMENT
Title Electric motor drives /
Statement of responsibility, etc by V. Rajini [and] V.S.Nagarajan
260 ## - PUBLICATION, DISTRIBUTION, ETC. (IMPRINT)
Place of publication, distribution, etc Noida
Name of publisher, distributor, etc Pearson India Education Services
Date of publication, distribution, etc 2020
270 ## - ADDRESS
Address 15th Floor, Tower-B, World Trade Tower, Plot No.1, Block-C
City Sector 16, Noida
Postal code 201301
300 ## - PHYSICAL DESCRIPTION
Extent xxii;797
Dimensions 23cm(pbk)
500 ## - GENERAL NOTE
General note Includes index
700 ## - ADDED ENTRY--PERSONAL NAME
Personal name Nagarajan, V.S.
942 ## - ADDED ENTRY ELEMENTS (KOHA)
Source of classification or shelving scheme Dewey Decimal Classification
Item type English Books
Classification part 621.46
Call number suffix RAJ
Holdings
Withdrawn status Lost status Not for loan Collection code Home library Current library Date acquired Source of acquisition Cost, normal purchase price Full call number Barcode Copy number Cost, replacement price Koha item type
      Non-fiction Central Library Central Library 18/10/2019 DBAD/PUB 649.00 621.46 RAJ EN-110238 1 649.00 English Books

© Delhi Public Library
Hit Counter
free hit counter